Catecismo de la Iglesia Católica
I tiakina i:
| Hōputu: | Pukapuka |
|---|---|
| Reo: | Pāniora |
| I whakaputaina: |
Barcelona
Asociación de Editores del Catecismo
1993
|
| Putanga: | 2a. ed |
| Ngā marau: | |
| Ngā Tūtohu: |
Tāpirihia he Tūtohu
Kāore He Tūtohu, Me noho koe te mea tuatahi ki te tūtohu i tēnei pūkete!
|
MARC
| LEADER | 00000nam a2200000 a 4500 | ||
|---|---|---|---|
| 001 | UCV9766 | ||
| 003 | CL-VaPUC | ||
| 008 | 930428e19930000SP |||||||||||||||||spa|d | ||
| 020 | |a 8428811024 | ||
| 082 | 0 | 4 | |a 238.2 |b CAT |2 21 |
| 245 | 1 | 0 | |a Catecismo de la Iglesia Católica |
| 250 | |a 2a. ed | ||
| 300 | |a 702 p | ||
| 942 | |c BK | ||
| 945 | |d 19930428 00:00:00 |a aalvarez | ||
| 260 | |a Barcelona |b Asociación de Editores del Catecismo |c 1993 | ||
| 600 | 0 | |a Iglesia católica |9 255129 | |
| 650 | 7 | |a CATECISMOS Y CREDOS |2 CL-VaPUC |9 258689 | |
| 583 | |a last modification |c 19930428 00:00:00 |k Rodrigo Vera | ||
| 999 | |c 215066 |d 215064 | ||
| 952 | |0 0 |1 0 |4 0 |6 238_200000000000000_CAT_1993 |7 0 |8 A |9 199005 |a BIBGIM |b BIBGIM |d 2019-11-14 |i 2663384 |o 238.2 CAT 1993 |p 2663384 |r 2025-01-15 |w 2019-11-14 |y BK |k COM | ||
| 952 | |0 0 |1 0 |4 0 |6 238_200000000000000_CAT_1993 |7 0 |8 A |9 199006 |a BIBTEO |b BIBTEO |d 2019-11-14 |i 2663406 |o 238.2 CAT 1993 |p 2663406 |r 2025-01-17 |w 2019-11-14 |y BK |k ICR | ||
| 952 | |0 0 |1 0 |4 0 |6 238_200000000000000_CAT_1993 |7 0 |8 P |9 199007 |a BIBARQ |b BIBARQ |d 2019-11-14 |i 2663414 |o 238.2 CAT 1993 |p 2663414 |r 2025-01-20 |w 2019-11-14 |y BK |k ARQ | ||
| 952 | |0 0 |1 0 |4 0 |6 238_200000000000000_CAT_1993 |7 0 |8 A |9 199008 |a BIBTEO |b BIBTEO |d 2019-11-14 |i 2663422 |o 238.2 CAT 1993 |p 2663422 |r 2025-01-17 |w 2019-11-14 |y BK |k ICR | ||
| 952 | |0 0 |1 0 |4 0 |6 238_200000000000000_CAT_1993 |7 0 |8 A |9 199009 |a BIBTEO |b BIBTEO |d 2019-11-14 |i 2663430 |o 238.2 CAT 1993 |p 2663430 |r 2025-01-17 |w 2019-11-14 |y BK |k ICR | ||
| 952 | |0 0 |1 0 |4 0 |6 238_200000000000000_CAT_1993 |7 0 |8 A |9 199010 |a BIBTEO |b BIBTEO |d 2019-11-14 |i 2663449 |l 3 |o 238.2 CAT 1993 |p 2663449 |r 2025-01-17 |s 2024-04-30 |w 2019-11-14 |y BK |k ICR | ||
| 952 | |0 0 |1 0 |4 0 |6 238_200000000000000_CAT_1993 |7 0 |8 A |9 199011 |a BIBTEO |b BIBTEO |d 2019-11-14 |i 2663457 |l 6 |o 238.2 CAT 1993 |p 2663457 |r 2025-03-24 |s 2025-03-18 |w 2019-11-14 |y BK |k ICR | ||
| 952 | |0 0 |1 0 |4 0 |6 238_200000000000000_CAT_1993 |7 0 |8 A |9 199012 |a BIBCUR |b BIBCUR |d 2019-11-14 |i 3496716 |o 238.2 CAT 1993 |p 3496716 |r 2025-04-22 |w 2019-11-14 |y BK |k PER | ||